Sports Quiz

Random Sports Quiz
Score 0/20 Timer 05:00
0 Plays Today
Hint Answer % Correct
The Rangers, Mets and Jets are franchises in what US city?New York
87.6%
Manchester United midfielder signed from Sporting LisbonBruno Fernandes
84.4%
Zinedine Zidane played for this club before Real MadridJuventus
82.1%
What is the maximum number of golf clubs you are allowed have in your bag?14
73.8%
What does the A stand for in VAR?Assistant
73.7%
The last club Roy Keane played forCeltic
72.2%
Who did Greece beat in the final of Euro 2004?Portugal
67%
Former Man Utd midfielder Javier Hernández had 'Chicharito' as his nickname - what does that mean in English?Little Pea
60.5%
The community shield was formally known as?The Charity Shield
53.6%
The next Rugby World Cup will be held in what country?France
52.2%
Hint Answer % Correct
Olympic sport which consists of five different eventsModern Pentathlon
46%
Norwich managerDaniel Farke
45.7%
What was the first European club Ronaldo (Brazilian) played for? PSV
45.6%
A 'Face-Off' happens often in what sport?Ice Hockey
43.8%
The K Club is a famous golf course in what country?Ireland
43.1%
What's the name of the Rugby World Cup trophy?Webb Ellis Cup
42.9%
Name of the Super Bowl trophyVince Lombardi Trophy
32.8%
43 times capped England rugby international who left the Leicester Tigers Manu Tuilagi
28.8%
What is the name of Hearts' stadium?Tynecastle Park
21.7%
The 'Buckeyes' are a famous College football team from what state?Ohio
16.9%
Remove Ads.
Support Sporcle.
Get the best of Sporcle when you Go Orange. This ad-free experience offers more features, more stats, and more fun while also helping to support Sporcle. Thank you for becoming a member.

You're not logged in!

Compare scores with friends on all Sporcle quizzes.
OR
Log In

Show Comments

Extras

Created Jul 10, 2020ReportNominate
Tags:arena, challenge, Daily, pundit

Top Quizzes Today


Score Distribution

Your Account Isn't Verified!

In order to create a playlist on Sporcle, you need to verify the email address you used during registration. Go to your Sporcle Settings to finish the process.

Report this User

Report this user for behavior that violates our Community Guidelines.

Details: